Child Growth and Development 10/11 (Record no. 84902)

MARC details
000 -LEADER
fixed length control field 00684nam a22002537a 4500
003 - CONTROL NUMBER IDENTIFIER
control field URS
005 - DATE AND TIME OF LATEST TRANSACTION
control field 20250828100503.0
008 - FIXED-LENGTH DATA ELEMENTS--GENERAL INFORMATION
fixed length control field 250318b ||||| |||| 00| 0 eng d
020 ## - INTERNATIONAL STANDARD BOOK NUMBER
International Standard Book Number 0697391345
040 ## - CATALOGING SOURCE
Transcribing agency URS
050 ## - LIBRARY OF CONGRESS CALL NUMBER
Classification number HQ772
Item number .C436 2010
100 1# - MAIN ENTRY--PERSONAL NAME
9 (RLIN) 8322
Personal name Junn, Ellen N.
245 ## - TITLE STATEMENT
Title Child Growth and Development 10/11
250 ## - EDITION STATEMENT
Edition statement Annual Editions
264 ## - PRODUCTION, PUBLICATION, DISTRIBUTION, MANUFACTURE, AND COPYRIGHT NOTICE
Place of production, publication, distribution, manufacture New York
Name of producer, publisher, distributor, manufacturer McGraw-Hill
Date of production, publication, distribution, manufacture, or copyright notice ©2010
300 ## - PHYSICAL DESCRIPTION
Extent 157 pages.,:
Dimensions 27 cm.
336 ## - CONTENT TYPE
Source rdacontent
Content type term text
337 ## - MEDIA TYPE
Source rdamedia
Media type term unmediated
338 ## - CARRIER TYPE
Source rdacarrier
Carrier type term volume
650 #0 - SUBJECT ADDED ENTRY--TOPICAL TERM
9 (RLIN) 2083
Topical term or geographic name entry element Child development
650 #0 - SUBJECT ADDED ENTRY--TOPICAL TERM
9 (RLIN) 806
Topical term or geographic name entry element Child psychology
700 1# - ADDED ENTRY--PERSONAL NAME
9 (RLIN) 8323
Personal name Boyatzis, Chris J.
942 ## - ADDED ENTRY ELEMENTS (KOHA)
Source of classification or shelving scheme Library of Congress Classification
Koha item type Reserved Books
Holdings
Withdrawn status Source of classification or shelving scheme Damaged status Not for loan Collection code Home library Current library Date acquired Total Checkouts Full call number Barcode Date last seen Price effective from Koha item type
  Library of Congress Classification     Non-fiction Morong Graduate Library Morong Graduate Library 03/18/2025   HQ772 .C436 2010 URSMOR-GL-4642 03/18/2025 03/18/2025 Reserved Books

University of Rizal System
Email us at univlibservices@urs.edu.ph

Visit our Website www.urs.edu.ph/library